1973 Billboard 200 Number-One Albums - Statistics

General Stats
  • This quiz has been taken 16 times
  • The average score is 8 of 18
Answer Stats
Picture Hint Answer % Correct
Elton John Goodbye Yellow Brick Road
75%
Pink Floyd The Dark Side of The Moon
75%
The Beatles 1967/1970
69%
Diana Ross Lady Sings The Blues
69%
Carly Simon No Secret
63%
Paul McCartney and Wings Red Rose Speedway
63%
Elton John Don't Shoot Me I'm Only the Piano Player
56%
The Rolling Stones Goats Head Soup
56%
Led Zeppelin Houses of the Holy
50%
Chicago Chicago VI
44%
Jethro Tull A Passion Play
38%
The Allman Brothers Band Brothers and Sisters
38%
Eric Weissberg & Steve Mandell Dueling Banjos
38%
George Harrison Living in the Material World
25%
The Moody Blues Seventh Sojourn
25%
War The World Is A Ghetto
25%
Alice Cooper Billion Dollar Babies
19%
Elvis Presley Ahola from Hawaii via Satellite
0%
No matching quizzes found
Score Distribution
Percent of People with Each Score
Percentile by Number Answered
Your Score History
You have not taken this quiz